Dokumenty o československej federácii

Salvato in:
Dettagli Bibliografici
Autore principale: Chovanec, Jaroslav
Altri autori: Trella, Rudolf
Natura: Libro
Lingua:slovacco
Pubblicazione: Bratislava Obzor 1972
Tags: Aggiungi Tag
Nessun Tag, puoi essere il primo ad aggiungerne!!

MARC

LEADER 00000nam a2200000 4500
001 c121696
005 20220114111404.4
041 0 |a slo 
044 |a SK 
245 1 0 |a Dokumenty o československej federácii  |c Jaroslav Chovanec, Rudolf Trella 
264 1 |a Bratislava  |b Obzor  |c 1972 
300 |a 598 s. 
100 1 |a Chovanec, Jaroslav 
700 1 |a Trella, Rudolf